00374nam a2200145Ia 4500008004100000020001800041041000800059082001300067100001500080245006900095260002500164300000800189365001600197700001500213230718s9999 xx 000 0 und d a9780007520534 aeng a158bBAN aBandler R. aThe Ultimate Introduction To NLPbHow To Build A Successful Life c2012bHarper Collins a146 cRs.b250.00 aBandler R.